Introduction to Probability & Statistics for Engineers & Scientists 6th Edition (Record no. 18688)

MARC details
000 -LEADER
fixed length control field 00433nam a2200157Ia 4500
008 - FIXED-LENGTH DATA ELEMENTS--GENERAL INFORMATION
fixed length control field 221030s9999 xx 000 0 und d
020 ## - INTERNATIONAL STANDARD BOOK NUMBER
ISBN 9789351073987
041 ## - LANGUAGE CODE
Language code of text/sound track or separate title
100 ## - MAIN ENTRY--AUTHOR NAME
Personal name S. M. Ross
245 #0 - TITLE STATEMENT
Title Introduction to Probability & Statistics for Engineers & Scientists 6th Edition
Statement of responsibility, etc by S. M. Ross
250 ## - EDITION STATEMENT
Edition statement 6th
260 ## - PUBLICATION, DISTRIBUTION, ETC. (IMPRINT)
Name of publisher Elsevier Pub
Place of publication New Delhi
Year of publication 2021
300 ## - PHYSICAL DESCRIPTION
Number of Pages 687
650 ## - SUBJECT ADDED ENTRY--TOPICAL TERM
Topical Term BE Computer
942 ## - ADDED ENTRY ELEMENTS (KOHA)
Koha item type Books
Holdings
Accession Number Cost, normal purchase price Bill Date Source of acquisition Price effective from Koha item type Withdrawn / writtenoff status Materials specified (bound volume or other part) Damaged status Not for loan Permanent Location Current Location Shelving location Date acquired Lost/ Missing status department
BE 24365 700.00 67 RKB 10/30/2022 Books   Print   Not For Loan MIET Library, Jammu MIET Library, Jammu BL-Academic Block B, FL-2, CUP-114, SH-5, R-5 11/02/2021   BE
BE 24366 700.00 67 RKB 10/30/2022 Books   Print     MIET Library, Jammu MIET Library, Jammu BL-Academic Block B, FL-2, CUP-27, SH-5, R-5 11/02/2021   BE
BE 24367 700.00 67 RKB 10/30/2022 Books   Print     MIET Library, Jammu MIET Library, Jammu BL-Academic Block B, FL-2, CUP-27, SH-5, R-5 11/02/2021   BE
BE 24410 700.00 66 RKB 10/30/2022 Books   Print     MIET Library, Jammu MIET Library, Jammu BL-Academic Block B, FL-2, CUP-27, SH-5, R-5 11/08/2021   BE
BE 24411 700.00 66 RKB 10/30/2022 Books   Print     MIET Library, Jammu MIET Library, Jammu BL-Academic Block B, FL-2, CUP-27, SH-5, R-5 11/08/2021   BE
BE 24412 700.00 66 RKB 10/30/2022 Books   Print     MIET Library, Jammu MIET Library, Jammu BL-Academic Block B, FL-2, CUP-27, SH-5, R-5 11/08/2021   BE
BE 24446 700.00 68 RKB 10/30/2022 Books   Print     MIET Library, Jammu MIET Library, Jammu BL-Academic Block B, FL-2, CUP-27, SH-5, R-5 11/09/2021   BE
BE 24447 700.00 68 RKB 10/30/2022 Books   Print     MIET Library, Jammu MIET Library, Jammu BL-Academic Block B, FL-2, CUP-27, SH-5, R-5 11/09/2021   BE
BE 24448 700.00 68 RKB 10/30/2022 Books   Print     MIET Library, Jammu MIET Library, Jammu BL-Academic Block B, FL-2, CUP-27, SH-5, R-5 11/09/2021   BE